|
|
|
|
| LEADER |
01294nam a22003612a 4500 |
| 001 |
000152397 |
| 003 |
CZ BrMZK |
| 005 |
20190827145930.0 |
| 007 |
ta |
| 008 |
970107s1970 xr b g f cze d |
| 015 |
|
|
|a cnb000130339
|
| 035 |
|
|
|a (OCoLC)42176257
|
| 040 |
|
|
|a BOA001
|b cze
|
| 043 |
|
|
|a e-bu---
|
| 072 |
|
7 |
|a 913(4)
|x Geografie Evropy, reálie, cestování
|2 Konspekt
|9 7
|
| 080 |
|
|
|a 913(497.2)
|2 MRF
|
| 080 |
|
|
|a (036)913
|2 MRF
|
| 100 |
1 |
|
|a Hochman, Vladimír
|7 jk01041611
|
| 245 |
1 |
0 |
|a Bulharsko /
|c Vladimír Hochman
|
| 250 |
|
|
|a 1. vyd.
|
| 260 |
|
|
|a Praha :
|b Olympia,
|c 1970
|
| 300 |
|
|
|a 121 s., mp.
|
| 490 |
1 |
|
|a Průvodce Olympia
|
| 500 |
|
|
|a Dostupné též v digitální podobě v aplikaci Kramerius
|
| 651 |
|
7 |
|a Bulharsko
|7 ge128857
|2 czenas
|
| 655 |
|
7 |
|a turistické průvodce
|7 fd133738
|2 czenas
|
| 830 |
|
0 |
|a Průvodce Olympia
|0 s
|
| 856 |
4 |
1 |
|u http://www.digitalniknihovna.cz/mzk/uuid/uuid:17c67c50-d339-11e7-b06b-005056827e51
|y Digitalizovaný dokument
|x NDK
|
| 910 |
|
|
|a BOA001
|b PK-A-0012.804
|b 1-0644.785
|
| 920 |
|
|
|a 000181765
|
| 990 |
|
|
|a BK
|
| 996 |
6 |
|
|b 2619625437
|c 1-0644.785
|l MZK
|r Sklad / do 1 hodiny
|n 0
|w 000152397
|u 000020
|a 1
|e BOA001
|j MZK50
|s P
|
| 996 |
6 |
|
|b 3119951690
|c PK-A-0012.804
|l MZK
|r Sklad / do 1 hodiny
|n 11
|w 000152397
|u 000010
|a 1
|e BOA001
|j MZK50
|s P
|